| 000 | 00675nam a2200193Ia 4500 | ||
|---|---|---|---|
| 003 | GCL | ||
| 008 | 140319s9999 xx 000 0 ara d | ||
| 040 |
_aGCL / _cGCL |
||
| 082 | 0 | 4 |
_a745 _bك ك |
| 100 | 1 | _aكامل سلمان الجبورى | |
| 245 | 1 | 0 |
_aكشكول الزخرفة العربية والاسلامية / _cكامل سلمان الجبورى |
| 260 |
_aالقاهرة : _bدار ومكتبة الهلال للطباعة والنشر |
||
| 300 |
_a527 ص ؛ _c32 سم |
||
| 650 | 0 | 4 | _aالفن الزخرفى |
| 650 | 0 | 4 | _aالتصميم الزخرفى |
| 650 | 0 | 4 | _aالفن البيزنطى |
| 650 | 0 | 4 | _aالزخرفة العربية |
| 942 |
_2ddc _cBK |
||
| 999 |
_c7968 _d7968 |
||